000 00732nam a2200229 i 4500
001 13512
003 ES-MaACL
005 20230906150611.0
007 t|
008 980427s1992 sp ||||1| spa d
020 _a84-606-0881-6
080 _a726.12(460.27 M.)
100 1 _aPriego, Carmen.
_993859
245 1 0 _aTemplo de Debod /
_cCarmen Priego, Alfonso Martín Flores.
260 _aMadrid :
_bAyuntamiento :
_bMuseos Municipales,
_c[1992]
300 _a67 p. :
_bil. col. y n. ;
_c24 cm.
610 2 7 _aTemplo de Debod (Madrid)
_96936
651 _aMadrid-
_xEdificios, estructuras, etc.
_98959
700 1 _aMartín Flores, Alfonso.
_977492
710 2 _aMuseos Municipales (Madrid)
_95931
852 _aES-MaACL
_jL-20871
999 _c13512
_d13512